Bibliografía sobre urbanización, marginalidad y vivienda en El Salvador: 1960-1976 /
Guardado en:
| Autor principal: | |
|---|---|
| Otros Autores: | |
| Formato: | Texto |
| Publicado: |
San Salvador
|
| Etiquetas: |
Agregar Etiqueta
Sin Etiquetas, Sea el primero en etiquetar este registro!
|
MARC
| LEADER | 00000 a a2200000 04500 | ||
|---|---|---|---|
| 001 | 21515 | ||
| 003 | |||
| 040 | |||
| 090 | |a 095102 | ||
| 100 | |a Escobar Castro, Raúl | ||
| 245 | |a Bibliografía sobre urbanización, marginalidad y vivienda en El Salvador: 1960-1976 / |c Raúl Escobar Castro | ||
| 260 | |a San Salvador | ||
| 300 | |a 73 p; v. 2 | ||
| 700 | |a Harth, Alberto |a Safie, María M. | ||
| 999 | |c 11101 |d 11101 | ||
